|
|
|
|
| LEADER |
00632nab a2200181 i 4500 |
| 001 |
misc832 |
| 005 |
20191106143950.0 |
| 008 |
170607s1905 hu o 0|| ger d |
| 040 |
|
|
|a SZTE Miscellanea Repozitórium
|b hun
|
| 041 |
|
|
|a ger
|
| 100 |
1 |
|
|a Czeche Satler
|
| 245 |
1 |
2 |
|a A kassai nyergesek céhlevele (1461)
|h [elektronikus dokumentum] /
|c Czeche Satler
|
| 260 |
|
|
|c 1905
|
| 300 |
|
|
|a 12-14
|
| 490 |
0 |
|
|a Magyar gazdaságtörténelmi szemle
|v 12
|
| 695 |
|
|
|a Magyarország történelme, Gazdaságtörténet
|
| 700 |
0 |
1 |
|a Kemény Lajos
|e aut
|
| 856 |
4 |
0 |
|u http://misc.bibl.u-szeged.hu/832/1/gazd_tort_szeml_1905_012-014.pdf
|z Dokumentum-elérés
|